[Event "Tradewise Gibraltar Masters 16th"]
[Site "Gibraltar"]
[Date "2018.01.27"]
[Round "5.99"]
[White "Hewson, Brian W R"]
[Black "Heinemann, Josefine"]
[Result "0-1"]
[WhiteElo "2024"]
[BlackElo "2270"]
[PlyCount "143"]
[EventDate "2018.01.23"]
[EventType "swiss"]
[EventRounds "10"]
[EventCountry "GGB"]
[SourceTitle "BritBase"]
[Source "www.saund.co.uk"]
[SourceDate "2018.02.10"]
[SourceVersion "1"]
[SourceVersionDate "2018.02.10"]
[SourceQuality "1"]

1. d4 Nf6 2. Nf3 g6 3. g3 Bg7 4. Bg2 O-O 5. O-O d6 6. c4 Bg4 7. Nc3 Nc6 8. h3
Bxf3 9. Bxf3 Nd7 10. Be3 e5 11. Bxc6 bxc6 12. Qd2 f5 13. dxe5 Nxe5 14. b3 Qf6
15. Rac1 Qe6 16. f4 Nd7 17. Bd4 Rfe8 18. Bxg7 Kxg7 19. Rf3 Nf6 20. Kg2 Re7 21.
Rd1 Rae8 22. e3 Qc8 23. Qd4 c5 24. Qd2 Qb7 25. Nd5 Nxd5 26. cxd5 Qb5 27. Qc3+
Kf7 28. Rd2 Re4 29. g4 Qd7 30. g5 Kg8 31. h4 Qg7 32. Rc2 h5 33. Qxg7+ Kxg7 34.
Rc3 a5 35. a3 Kf7 36. Rh3 Ke7 37. Kf3 Kd7 38. Rh1 a4 39. Rhc1 axb3 40. Rxb3 Ra4
41. Rcc3 Rea8 42. Ke2 R4a7 43. Kd3 c6 44. dxc6+ Kxc6 45. e4 fxe4+ 46. Kxe4 Ra4+
47. Kf3 d5 48. Re3 c4 49. Re6+ Kc5 50. Rbe3 Rxa3 51. Rxg6 d4 52. Rxa3 Rxa3+ 53.
Kf2 c3 54. Rg8 Kd5 55. Rc8 Ke4 56. g6 Ra2+ 57. Kg3 Ra6 58. Re8+ Kf5 59. Kf3
Kxg6 60. Rc8 Rd6 61. Ke2 d3+ 62. Kd1 c2+ 63. Kd2 Rd5 64. Rg8+ Kf5 65. Rg5+ Ke4
66. Rg1 Kxf4 67. Rg8 Rc5 68. Rf8+ Kg4 69. Rg8+ Kxh4 70. Rg1 c1=Q+ 71. Rxc1 Rxc1
72. Kxc1 0-1

[Event "Tradewise Gibraltar Masters 16th"]
[Site "Gibraltar"]
[Date "2018.01.27"]
[Round "5.100"]
[White "Sajjadi, Kimiya"]
[Black "Lercel, Michal"]
[Result "1-0"]
[WhiteElo "1911"]
[BlackElo "2252"]
[PlyCount "57"]
[EventDate "2018.01.23"]
[EventType "swiss"]
[EventRounds "10"]
[EventCountry "GGB"]
[SourceTitle "BritBase"]
[Source "www.saund.co.uk"]
[SourceDate "2018.02.10"]
[SourceVersion "1"]
[SourceVersionDate "2018.02.10"]
[SourceQuality "1"]

1. d4 Nf6 2. c4 e6 3. Nc3 Bb4 4. Qc2 O-O 5. Nf3 d5 6. a3 Bxc3+ 7. Qxc3 dxc4 8.
Qxc4 b6 9. Bg5 Ba6 10. Qa4 h6 11. Bh4 Qe7 12. Rc1 c5 13. dxc5 bxc5 14. e3 Bxf1
15. Kxf1 Nbd7 16. Ke2 Rab8 17. Rc2 Nb6 18. Qa5 Rfd8 19. Rhc1 c4 20. Qe5 Nbd7
21. Bxf6 Qxf6 22. Qxf6 gxf6 23. Rxc4 Rxb2+ 24. R1c2 Rxc2+ 25. Rxc2 Nb6 26. Rc7
Nc8 27. Nd4 f5 28. Nc6 Re8 29. Rxc8 1-0

[Event "Tradewise Gibraltar Masters 16th"]
[Site "Gibraltar"]
[Date "2018.01.27"]
[Round "5.101"]
[White "Gavilan Diaz, Mario"]
[Black "Compton, Alistair"]
[Result "1-0"]
[WhiteElo "2251"]
[BlackElo "2082"]
[PlyCount "87"]
[EventDate "2018.01.23"]
[EventType "swiss"]
[EventRounds "10"]
[EventCountry "GGB"]
[SourceTitle "BritBase"]
[Source "www.saund.co.uk"]
[SourceDate "2018.02.10"]
[SourceVersion "1"]
[SourceVersionDate "2018.02.10"]
[SourceQuality "1"]

1. e4 e6 2. d4 d5 3. Nc3 Bb4 4. e5 c5 5. a3 Bxc3+ 6. bxc3 Qc7 7. Qg4 f5 8. Qg3
Nc6 9. Nf3 cxd4 10. cxd4 Nge7 11. Bd2 O-O 12. Bd3 Bd7 13. O-O Be8 14. h4 Bg6
15. a4 Kh8 16. Qh2 Bh5 17. Ng5 Nd8 18. Bb4 a6 19. f3 h6 20. g4 Bg6 21. h5 Be8
22. Nh3 Ndc6 23. Bd6 Qb6 24. Bc5 Qa5 25. Nf4 Bd7 26. g5 Rfe8 27. gxh6 gxh6 28.
Kh1 Rg8 29. Rg1 Rxg1+ 30. Rxg1 Rg8 31. Qh4 Rxg1+ 32. Kxg1 Ng8 33. Ng6+ Kg7 34.
Nf8 Bc8 35. Qg3+ Kh8 36. Qg6 Qc7 37. Nxe6 Bxe6 38. Qxe6 Qg7+ 39. Kf1 Nce7 40.
Bxf5 Qg5 41. Bd3 Qxh5 42. Bxe7 Qxf3+ 43. Ke1 Qe3+ 44. Kd1 1-0

[Event "Tradewise Gibraltar Masters 16th"]
[Site "Gibraltar"]
[Date "2018.01.27"]
[Round "5.102"]
[White "Gillis Onieva, Celia"]
[Black "Plotkin, Victor"]
[Result "0-1"]
[WhiteElo "1848"]
[BlackElo "2242"]
[PlyCount "54"]
[EventDate "2018.01.23"]
[EventType "swiss"]
[EventRounds "10"]
[EventCountry "GGB"]
[SourceTitle "BritBase"]
[Source "www.saund.co.uk"]
[SourceDate "2018.02.10"]
[SourceVersion "1"]
[SourceVersionDate "2018.02.10"]
[SourceQuality "1"]

1. Nf3 Nf6 2. c4 e6 3. g3 d5 4. Bg2 d4 5. O-O c5 6. e3 Nc6 7. exd4 cxd4 8. d3
Bd6 9. Na3 O-O 10. Rb1 e5 11. Bg5 a6 12. Nd2 h6 13. Bxf6 Qxf6 14. Ne4 Qe7 15.
Nxd6 Qxd6 16. f4 Bf5 17. fxe5 Qg6 18. Rf4 Bxd3 19. Rc1 Nxe5 20. Rxd4 Qb6 21.
Nc2 Rad8 22. Bd5 Rxd5 23. cxd5 Bxc2 24. Rxc2 Qxd4+ 25. Qxd4 Nf3+ 26. Kf2 Nxd4
27. Rc7 Rd8 0-1

[Event "Tradewise Gibraltar Masters 16th"]
[Site "Gibraltar"]
[Date "2018.01.27"]
[Round "5.103"]
[White "Nandhidhaa, PV."]
[Black "Dasaolu, Rotimi"]
[Result "1-0"]
[WhiteElo "2238"]
[BlackElo "2064"]
[PlyCount "79"]
[EventDate "2018.01.23"]
[EventType "swiss"]
[EventRounds "10"]
[EventCountry "GGB"]
[SourceTitle "BritBase"]
[Source "www.saund.co.uk"]
[SourceDate "2018.02.10"]
[SourceVersion "1"]
[SourceVersionDate "2018.02.10"]
[SourceQuality "1"]

1. e4 d5 2. exd5 Qxd5 3. Nc3 Qd6 4. d4 c6 5. Nge2 Nf6 6. Bf4 Qb4 7. Qd2 Qxb2 8.
Rb1 Qa3 9. d5 Nxd5 10. Nxd5 cxd5 11. Nc3 e6 12. Nb5 Qxa2 13. Nc7+ Kd8 14. Rd1
Nc6 15. Nxa8 Bb4 16. c3 Qxd2+ 17. Kxd2 Ba5 18. Bb5 Bd7 19. Ra1 d4 20. Bxc6
Bxc3+ 21. Kd3 Bxc6 22. Rxa7 f6 23. Nb6 Ke7 24. Bd2 Bxd2 25. Kxd2 Rd8 26. Nc4 g5
27. f3 g4 28. Rf1 h5 29. Nb2 e5 30. Nd3 gxf3 31. gxf3 Kd6 32. Nb4 Bb5 33. Rb1
Rd7 34. Nd5 Bc6 35. Nxf6 Rg7 36. Ne4+ Kd5 37. Ra5+ Ke6 38. Re1 b6 39. Raa1 Bb5
40. Rg1 1-0

[Event "Tradewise Gibraltar Masters 16th"]
[Site "Gibraltar"]
[Date "2018.01.27"]
[Round "5.104"]
[White "Pabalan, Rocky"]
[Black "Bellin, Robert"]
[Result "0-1"]
[WhiteElo "2098"]
[BlackElo "2343"]
[PlyCount "84"]
[EventDate "2018.01.23"]
[EventType "swiss"]
[EventRounds "10"]
[EventCountry "GGB"]
[SourceTitle "BritBase"]
[Source "www.saund.co.uk"]
[SourceDate "2018.02.10"]
[SourceVersion "1"]
[SourceVersionDate "2018.02.10"]
[SourceQuality "1"]

1. e4 c5 2. Nf3 Nc6 3. d4 cxd4 4. Nxd4 Nf6 5. Nc3 d6 6. Bg5 e6 7. Qd2 a6 8.
O-O-O Bd7 9. Nxc6 Bxc6 10. f3 Be7 11. Qe3 Ng4 12. Bxe7 Nxe3 13. Bxd8 Nxd1 14.
Bb6 Nxc3 15. bxc3 Ke7 16. h4 Rhc8 17. h5 h6 18. Kb2 Bd7 19. f4 Bb5 20. Bxb5
axb5 21. Bd4 f6 22. e5 dxe5 23. fxe5 f5 24. g4 fxg4 25. Rg1 Rc4 26. Rxg4 Kf7
27. Rg1 b4 28. Rf1+ Kg8 29. Rd1 Rd8 30. Rh1 bxc3+ 31. Bxc3 Rf4 32. Rh3 Rd1 33.
a3 Rff1 34. Bb4 Rh1 35. Rc3 Rxh5 36. Rc8+ Kh7 37. Rc7 b5 38. Bd6 Rg5 39. Kb3 h5
40. Kb4 h4 41. Be7 Rh5 42. Bf6 h3 0-1

[Event "Tradewise Gibraltar Masters 16th"]
[Site "Gibraltar"]
[Date "2018.01.27"]
[Round "5.105"]
[White "Hapala, Elisabeth"]
[Black "Bergstrom, Rolf"]
[Result "1/2-1/2"]
[WhiteElo "2097"]
[BlackElo "2276"]
[PlyCount "62"]
[EventDate "2018.01.23"]
[EventType "swiss"]
[EventRounds "10"]
[EventCountry "GGB"]
[SourceTitle "BritBase"]
[Source "www.saund.co.uk"]
[SourceDate "2018.02.10"]
[SourceVersion "1"]
[SourceVersionDate "2018.02.10"]
[SourceQuality "1"]

1. e4 d6 2. d4 Nf6 3. Nc3 e5 4. dxe5 dxe5 5. Qxd8+ Kxd8 6. Bg5 c6 7. O-O-O+ Ke8
8. f4 Be7 9. Nf3 Ng4 10. Bxe7 Kxe7 11. Rd2 exf4 12. h3 Nf6 13. e5 Nh5 14. Bc4
Be6 15. Bxe6 fxe6 16. Rhd1 b6 17. Rd6 g6 18. Ne4 h6 19. Nd4 Ng7 20. Nf6 Rc8 21.
h4 a6 22. Ne2 g5 23. hxg5 hxg5 24. Rh1 Kf7 25. Ne4 Kg6 26. Nd4 Ra7 27. Nf3 Re7
28. Nexg5 Nd7 29. Ne4 Nf5 30. Rd2 Rg8 31. Nd6 Nc5 1/2-1/2

[Event "Tradewise Gibraltar Masters 16th"]
[Site "Gibraltar"]
[Date "2018.01.27"]
[Round "5.106"]
[White "Bolt, Graham"]
[Black "Meszaros, Andras"]
[Result "1/2-1/2"]
[WhiteElo "2094"]
[BlackElo "2258"]
[PlyCount "135"]
[EventDate "2018.01.23"]
[EventType "swiss"]
[EventRounds "10"]
[EventCountry "GGB"]
[SourceTitle "BritBase"]
[Source "www.saund.co.uk"]
[SourceDate "2018.02.10"]
[SourceVersion "1"]
[SourceVersionDate "2018.02.10"]
[SourceQuality "1"]

1. Nf3 g6 2. g3 Bg7 3. Bg2 c5 4. O-O Nc6 5. d3 d6 6. e4 e6 7. c3 Nge7 8. Be3
O-O 9. Qd2 Re8 10. Na3 b6 11. d4 Bb7 12. dxc5 dxc5 13. Qxd8 Raxd8 14. Rfd1 Kf8
15. h4 h6 16. Nh2 Ne5 17. f3 f5 18. Rab1 Rd3 19. Rxd3 Nxd3 20. Nb5 Bc6 21. Nc7
Rc8 22. Nxe6+ Kf7 23. Nxg7 Kxg7 24. b3 fxe4 25. fxe4 Ne5 26. Rd1 Nf7 27. Bc1
Re8 28. c4 Nc8 29. Bb2+ Kf8 30. Ng4 Ncd6 31. Nf2 Re7 32. e5 Bxg2 33. Kxg2 Nf5
34. Kf3 Nd4+ 35. Bxd4 cxd4 36. Rxd4 Nxe5+ 37. Kg2 Nc6 38. Rd2 Re1 39. Nd1 Ne5
40. Nc3 Ra1 41. Nb5 Nc6 42. Kf3 Ke7 43. Nc7 Rf1+ 44. Kg2 Ra1 45. Nd5+ Kf7 46.
Rf2+ Kg7 47. g4 Ne5 48. Nf6 Nd3 49. Ne8+ Kg8 50. Rd2 Nb4 51. Nc7 Rxa2 52. Rxa2
Nxa2 53. Nb5 a5 54. Kf3 Kf7 55. Ke4 Ke6 56. h5 gxh5 57. gxh5 Nc1 58. Nd4+ Kd6
59. Nf5+ Kc6 60. Nxh6 Nxb3 61. Nf5 Nc5+ 62. Ke3 Nd7 63. h6 Nf8 64. Nd4+ Kd6 65.
Kd3 Ke5 66. Nb3 Kf6 67. Kd4 Ne6+ 68. Kd5 1/2-1/2

[Event "Tradewise Gibraltar Masters 16th"]
[Site "Gibraltar"]
[Date "2018.01.27"]
[Round "5.107"]
[White "Yoo, Christopher Woojin"]
[Black "Byron, Alan M"]
[Result "1-0"]
[WhiteElo "2254"]
[BlackElo "2099"]
[PlyCount "79"]
[EventDate "2018.01.23"]
[EventType "swiss"]
[EventRounds "10"]
[EventCountry "GGB"]
[SourceTitle "BritBase"]
[Source "www.saund.co.uk"]
[SourceDate "2018.02.10"]
[SourceVersion "1"]
[SourceVersionDate "2018.02.10"]
[SourceQuality "1"]

1. e4 e5 2. Nf3 Nc6 3. Bb5 Nf6 4. d3 Bc5 5. c3 O-O 6. O-O d6 7. Nbd2 Bd7 8. Ba4
a6 9. Bc2 Ba7 10. a4 Re8 11. b4 b5 12. Bb3 Be6 13. Bxe6 Rxe6 14. Nb3 d5 15. Qe2
Rb8 16. axb5 axb5 17. Be3 d4 18. cxd4 exd4 19. Bd2 Bb6 20. Rfc1 Ra8 21. Ng5
Rxa1 22. Nxa1 Rd6 23. e5 Qe8 24. Re1 Rd5 25. exf6 Qxe2 26. Rxe2 gxf6 27. Ne4
Kg7 28. Nb3 Ne5 29. Nec5 Bxc5 30. Nxc5 f5 31. Re1 Kf6 32. Ra1 Ke7 33. Ra7 Kd6
34. Bf4 f6 35. Bxe5+ Rxe5 36. Kf1 Re8 37. f4 h5 38. h4 Rf8 39. Ra6+ Kd5 40. Nd7
1-0

[Event "Tradewise Gibraltar Masters 16th"]
[Site "Gibraltar"]
[Date "2018.01.27"]
[Round "5.108"]
[White "Semprun Martinez, Fernando"]
[Black "Bjerre, Tavs"]
[Result "1/2-1/2"]
[WhiteElo "2209"]
[BlackElo "2071"]
[PlyCount "109"]
[EventDate "2018.01.23"]
[EventType "swiss"]
[EventRounds "10"]
[EventCountry "GGB"]
[SourceTitle "BritBase"]
[Source "www.saund.co.uk"]
[SourceDate "2018.02.10"]
[SourceVersion "1"]
[SourceVersionDate "2018.02.10"]
[SourceQuality "1"]

1. e4 c5 2. Nf3 e6 3. d4 cxd4 4. Nxd4 Nc6 5. Nc3 Qc7 6. Be3 a6 7. Qd2 Nf6 8.
O-O-O Be7 9. f3 O-O 10. g4 b5 11. g5 Nh5 12. Nce2 Rd8 13. Ng3 Nxd4 14. Nxh5
Nxf3 15. Qf2 Ne5 16. Bb6 Qb8 17. Rg1 Kh8 18. Rg3 Rg8 19. Bd3 Bb7 20. Rdg1 d5
21. Nf6 gxf6 22. gxf6 Nxd3+ 23. cxd3 Rxg3 24. Rxg3 Bd6 25. Rg7 Bf4+ 26. Kb1 Bh6
27. Rxf7 dxe4 28. Qh4 Qf4 29. Qxf4 Bxf4 30. Rxb7 Rc8 31. b4 exd3 32. Rd7 d2 33.
Bc5 Bh6 34. Kc2 Be3 35. Kd1 Bxc5 36. bxc5 Kg8 37. Rg7+ Kf8 38. Rxh7 Rxc5 39.
Kxd2 Rf5 40. Ke3 Rxf6 41. Ra7 e5 42. Ke4 Rh6 43. Kxe5 Rxh2 44. Rxa6 Rh5+ 45.
Kd4 Ke7 46. Kc3 Kd7 47. Kb4 Kc7 48. Ka5 Kb7 49. Rb6+ Ka7 50. Rg6 Kb7 51. Rb6+
Kc7 52. Rg6 Kb7 53. a3 Rf5 54. Rb6+ Ka7 55. Rxb5 1/2-1/2

[Event "Tradewise Gibraltar Masters 16th"]
[Site "Gibraltar"]
[Date "2018.01.27"]
[Round "5.109"]
[White "Pinho, Paulo"]
[Black "Janiszewski, Maciej"]
[Result "0-1"]
[WhiteElo "2186"]
[BlackElo "2029"]
[PlyCount "76"]
[EventDate "2018.01.23"]
[EventType "swiss"]
[EventRounds "10"]
[EventCountry "GGB"]
[SourceTitle "BritBase"]
[Source "www.saund.co.uk"]
[SourceDate "2018.02.10"]
[SourceVersion "1"]
[SourceVersionDate "2018.02.10"]
[SourceQuality "1"]

1. d4 d5 2. Nf3 Nc6 3. Bf4 Bg4 4. e3 e6 5. c4 Nf6 6. Nc3 Bb4 7. a3 Bxc3+ 8.
bxc3 O-O 9. Be2 dxc4 10. Qa4 Nd5 11. Qxc4 Nxf4 12. exf4 Qd5 13. Qd3 Ne7 14. O-O
Rfd8 15. Qb1 Ng6 16. Qc1 Qe4 17. Re1 Qxf4 18. Qb2 Rab8 19. h3 Bf5 20. Bf1 Bxh3
21. Re3 Bf5 22. Nd2 Ne7 23. Nc4 Nc6 24. g3 Qg5 25. Bg2 Ne7 26. Re5 Nd5 27. Na5
c6 28. Rd1 Rdc8 29. Nc4 Qd8 30. Nd2 b5 31. Nb3 Nb6 32. Rc5 Na4 33. Qe2 Nxc5 34.
Nxc5 a5 35. g4 Bg6 36. Qe5 b4 37. axb4 axb4 38. Na6 Rb5 0-1

[Event "Tradewise Gibraltar Masters 16th"]
[Site "Gibraltar"]
[Date "2018.01.27"]
[Round "5.110"]
[White "Barraza Caracuel, Ignacio"]
[Black "Bryant, Richard B E"]
[Result "1-0"]
[WhiteElo "2185"]
[BlackElo "2016"]
[PlyCount "111"]
[EventDate "2018.01.23"]
[EventType "swiss"]
[EventRounds "10"]
[EventCountry "GGB"]
[SourceTitle "BritBase"]
[Source "www.saund.co.uk"]
[SourceDate "2018.02.10"]
[SourceVersion "1"]
[SourceVersionDate "2018.02.10"]
[SourceQuality "1"]

1. d4 d5 2. Nf3 c6 3. g3 e6 4. Bg2 f5 5. Ne5 Nd7 6. Nd3 Ngf6 7. Nd2 Ne4 8. Nf3
Be7 9. Bf4 Qb6 10. O-O O-O 11. c3 a5 12. Nfe5 Nxe5 13. Bxe5 Bd7 14. f3 Ng5 15.
Qd2 Nf7 16. e4 c5 17. exd5 c4 18. dxe6 cxd3 19. exf7+ Rxf7 20. Qxd3 Rc8 21. Qd2
Bb5 22. Rfe1 Rd8 23. f4 Bc6 24. Bxc6 bxc6 25. Qg2 Bf8 26. Re2 Rfd7 27. Rae1 c5
28. Kh1 g6 29. h3 h5 30. Kh2 c4 31. Rd1 Qb5 32. Bf6 Rb8 33. d5 a4 34. a3 Rb6
35. Be5 Rdb7 36. d6 Qd7 37. Qd5+ Kh7 38. Qxc4 Rxb2 39. Rxb2 Rxb2+ 40. Kg1 Qa7+
41. Bd4 Qb7 42. Qc7+ Kg8 43. Qxb7 Rxb7 44. Be5 Rd7 45. c4 Kf7 46. c5 Ke6 47. c6
Rxd6 48. Bxd6 Bxd6 49. Rc1 Bc7 50. Rc4 Kd6 51. Rxa4 Kxc6 52. Ra8 h4 53. Rc8
hxg3 54. Kg2 Kd7 55. Rxc7+ Kxc7 56. Kxg3 1-0

[Event "Tradewise Gibraltar Masters 16th"]
[Site "Gibraltar"]
[Date "2018.01.27"]
[Round "5.111"]
[White "Arroyo Rodriguez, Jesus"]
[Black "Guthrie, David"]
[Result "1/2-1/2"]
[WhiteElo "2057"]
[BlackElo "2181"]
[PlyCount "83"]
[EventDate "2018.01.23"]
[EventType "swiss"]
[EventRounds "10"]
[EventCountry "GGB"]
[SourceTitle "BritBase"]
[Source "www.saund.co.uk"]
[SourceDate "2018.02.10"]
[SourceVersion "1"]
[SourceVersionDate "2018.02.10"]
[SourceQuality "1"]

1. e4 e5 2. Nf3 Nc6 3. Nc3 Nf6 4. d4 exd4 5. Nxd4 Bb4 6. Nxc6 bxc6 7. Bd3 d5 8.
exd5 O-O 9. O-O cxd5 10. h3 Re8 11. Qf3 Rb8 12. Bg5 c6 13. Ne2 Bd7 14. Rad1 Bd6
15. b3 h6 16. Bf4 Bxf4 17. Qxf4 Qa5 18. a4 c5 19. Ng3 Rb4 20. Qf3 c4 21. Bf5
Bc6 22. bxc4 Rxa4 23. Bd3 Qc7 24. Rfe1 Rxe1+ 25. Rxe1 dxc4 26. Be4 Nxe4 27.
Nxe4 Ra5 28. Qc3 Bd5 29. Nd6 Bc6 30. g4 Rg5 31. Nf5 Bd7 32. Re7 Qc8 33. Qe3 Kh7
34. Nd6 Qc6 35. Nxf7 Ra5 36. f3 Bc8 37. Re8 Qc5 38. Rh8+ Kg6 39. Ne5+ Qxe5 40.
Qxe5 Rxe5 41. Rxc8 Re3 42. Rxc4 1/2-1/2

[Event "Tradewise Gibraltar Masters 16th"]
[Site "Gibraltar"]
[Date "2018.01.27"]
[Round "5.112"]
[White "Marder, Simon"]
[Black "Sahl, Sheila Barth"]
[Result "0-1"]
[WhiteElo "2054"]
[BlackElo "2178"]
[PlyCount "172"]
[EventDate "2018.01.23"]
[EventType "swiss"]
[EventRounds "10"]
[EventCountry "GGB"]
[SourceTitle "BritBase"]
[Source "www.saund.co.uk"]
[SourceDate "2018.02.10"]
[SourceVersion "1"]
[SourceVersionDate "2018.02.10"]
[SourceQuality "1"]

1. d4 d5 2. Nc3 Nf6 3. Bg5 c5 4. Bxf6 gxf6 5. e4 dxe4 6. dxc5 f5 7. Qxd8+ Kxd8
8. O-O-O+ Bd7 9. g4 Bg7 10. Nge2 fxg4 11. Nxe4 f5 12. N4g3 Kc7 13. Bg2 f4 14.
Nxf4 Bh6 15. Rhe1 Bxf4+ 16. Kb1 Bxg3 17. fxg3 Re8 18. Be4 h6 19. b4 a6 20. c4
Rf8 21. Rd2 Rf7 22. Bd5 Rg7 23. Rde2 Bf5+ 24. Kb2 Nc6 25. b5 axb5 26. cxb5 Nb4
27. Rxe7+ Rxe7 28. Rxe7+ Bd7 29. Bxb7 Re8 30. Rxe8 Bxe8 31. Kb3 Nxa2 32. Be4
Bf7+ 33. Kb2 Nb4 34. Kc3 Nd5+ 35. Kd4 Nf6 36. b6+ Kb8 37. Bg2 Nd7 38. Bc6 Be6
39. Bg2 Kc8 40. b7+ Kc7 41. c6 Nb8 42. Ke5 Bc4 43. h3 gxh3 44. Bxh3 Nxc6+ 45.
Kf6 Be2 46. g4 Nd4 47. Kg7 Ne6+ 48. Kxh6 Nf4 49. g5 Nxh3 50. g6 Bc4 51. Kg7 Nf4
52. Kh6 Nd5 53. Kg7 Ne7 54. Kf6 Ng8+ 55. Ke5 Kxb7 56. Kd4 Ba2 57. Ke5 Kc7 58.
Kd4 Kd7 59. Ke5 Ke7 60. g7 Kf7 61. Kd4 Kxg7 62. Ke5 Ne7 63. Kd6 Kf6 64. Kc5 Ke5
65. Kb4 Kd4 66. Ka3 Bf7 67. Kb2 Kd3 68. Ka3 Kc3 69. Ka4 Kb2 70. Kb4 Nf5 71. Kc5
Ka3 72. Kc6 Kb4 73. Kb6 Be8 74. Kb7 Kc5 75. Kc7 Bb5 76. Kd8 Kd6 77. Kc8 Ne3 78.
Kb7 Nd5 79. Kc8 Ke7 80. Kb7 Kd7 81. Ka8 Ba6 82. Ka7 Bc8 83. Ka8 Kc7 84. Ka7 Nc3
85. Ka8 Bb7+ 86. Ka7 Nb5# 0-1

[Event "Tradewise Gibraltar Masters 16th"]
[Site "Gibraltar"]
[Date "2018.01.27"]
[Round "5.113"]
[White "Lochte, Thomas"]
[Black "Roman Lopez, Jesus"]
[Result "1/2-1/2"]
[WhiteElo "2169"]
[BlackElo "2008"]
[PlyCount "155"]
[EventDate "2018.01.23"]
[EventType "swiss"]
[EventRounds "10"]
[EventCountry "GGB"]
[SourceTitle "BritBase"]
[Source "www.saund.co.uk"]
[SourceDate "2018.02.10"]
[SourceVersion "1"]
[SourceVersionDate "2018.02.10"]
[SourceQuality "1"]

1. e4 e5 2. Nf3 Nc6 3. Bc4 Bc5 4. b4 Bxb4 5. c3 Bd6 6. d4 Nf6 7. dxe5 Bxe5 8.
Ba3 d6 9. O-O O-O 10. Bd5 Nxd5 11. exd5 Ne7 12. Nxe5 dxe5 13. Re1 Re8 14. Rxe5
Ng6 15. Rxe8+ Qxe8 16. Nd2 Bf5 17. Qf3 Qe5 18. Nc4 Qe4 19. Qxe4 Bxe4 20. Ne3
Nf4 21. c4 Rd8 22. Rd1 f6 23. f3 Bg6 24. g4 b6 25. Nf5 Bxf5 26. gxf5 Kf7 27.
Kf2 g5 28. Bc1 Nh5 29. Re1 Ng7 30. h4 gxh4 31. Bf4 Rd7 32. Re6 Nxf5 33. Rc6 Nd6
34. Kg2 Ne8 35. Kh3 b5 36. cxb5 Rxd5 37. a4 Rd4 38. Bxc7 Rxa4 39. Bb8 Rb4 40.
Bxa7 Rxb5 41. Kxh4 Kg6 42. Rc4 Ng7 43. Rg4+ Kf7 44. Rf4 Rh5+ 45. Kg4 Rh1 46.
Rb4 Kg6 47. Kg3 h5 48. Kg2 Ra1 49. Bd4 Ra2+ 50. Rb2 Ra4 51. Bc3 Rc4 52. Rb3 Nf5
53. Bb2 Rc6 54. Kh3 Re6 55. Bc1 Nd4 56. Rd3 Rc6 57. Bf4 Ne2 58. Be3 Re6 59. Kg2
Kf5 60. Rd5+ Re5 61. Rxe5+ fxe5 62. Kh3 Nf4+ 63. Kh2 Ng6 64. Kg3 Ke6 65. Bd2
Kd5 66. Bc1 Kd4 67. Bb2+ Kd5 68. Bc1 Ke6 69. Bd2 Kf5 70. Be3 Ne7 71. Bc1 Kg6
72. Bd2 Nf5+ 73. Kh3 Nd4 74. Kg3 Kf5 75. Be3 Ke6 76. Bg5 Kd5 77. Kf2 Ne6 78.
Bh4 1/2-1/2

[Event "Tradewise Gibraltar Masters 16th"]
[Site "Gibraltar"]
[Date "2018.01.27"]
[Round "5.114"]
[White "Sanjuan Garcia, Miguel"]
[Black "Makka, Ioulia"]
[Result "1-0"]
[WhiteElo "2019"]
[BlackElo "2167"]
[PlyCount "99"]
[EventDate "2018.01.23"]
[EventType "swiss"]
[EventRounds "10"]
[EventCountry "GGB"]
[SourceTitle "BritBase"]
[Source "www.saund.co.uk"]
[SourceDate "2018.02.10"]
[SourceVersion "1"]
[SourceVersionDate "2018.02.10"]
[SourceQuality "1"]

1. e4 c6 2. d4 d5 3. Nd2 dxe4 4. Nxe4 Bf5 5. Ng3 Bg6 6. h4 h6 7. h5 Bh7 8. Nf3
Nf6 9. Bd3 Bxd3 10. Qxd3 e6 11. Bd2 Qb6 12. O-O-O Na6 13. Ne5 Rd8 14. Rhe1 Qxd4
15. Qe2 Qa4 16. Kb1 Nc7 17. b3 Qa6 18. c4 Ba3 19. Bf4 Rxd1+ 20. Rxd1 O-O 21.
Nxf7 Qa5 22. Nd8 Re8 23. Nxb7 Qb6 24. Nd6 Rd8 25. Nde4 Rxd1+ 26. Qxd1 Nce8 27.
Be3 Qa5 28. Qd2 Qc7 29. Qd4 a5 30. Nc5 e5 31. Qd3 Qe7 32. Nce4 Nxe4 33. Qxe4
Qd6 34. Kc2 Nf6 35. Qd3 Qe7 36. f3 Qe8 37. Qf5 a4 38. Bxh6 axb3+ 39. axb3 Bf8
40. Bd2 Nd7 41. Ne4 Bc5 42. h6 Bf8 43. h7+ Kh8 44. Ng5 Nf6 45. Bc3 Bd6 46. f4
exf4 47. Bxf6 Qe2+ 48. Kb1 Qe1+ 49. Ka2 Qd2+ 50. Bb2 1-0

[Event "Tradewise Gibraltar Masters 16th"]
[Site "Gibraltar"]
[Date "2018.01.27"]
[Round "5.115"]
[White "Baert, Andy"]
[Black "Safarian, Alek"]
[Result "1-0"]
[WhiteElo "2164"]
[BlackElo "2006"]
[PlyCount "27"]
[EventDate "2018.01.23"]
[EventType "swiss"]
[EventRounds "10"]
[EventCountry "GGB"]
[SourceTitle "BritBase"]
[Source "www.saund.co.uk"]
[SourceDate "2018.02.10"]
[SourceVersion "1"]
[SourceVersionDate "2018.02.10"]
[SourceQuality "1"]

1. d4 d5 2. Nf3 e6 3. c4 c6 4. Nc3 dxc4 5. a4 Bb4 6. Bd2 b5 7. e3 a5 8. Ne5 Bb7
9. Qg4 g6 10. axb5 Bxc3 11. Bxc3 cxb5 12. d5 Nf6 13. Qh4 O-O 14. Nc6 1-0

[Event "Tradewise Gibraltar Masters 16th"]
[Site "Gibraltar"]
[Date "2018.01.27"]
[Round "5.116"]
[White "Van De Groep, William"]
[Black "Bopp, Thomas"]
[Result "1/2-1/2"]
[WhiteElo "1972"]
[BlackElo "2154"]
[PlyCount "144"]
[EventDate "2018.01.23"]
[EventType "swiss"]
[EventRounds "10"]
[EventCountry "GGB"]
[SourceTitle "BritBase"]
[Source "www.saund.co.uk"]
[SourceDate "2018.02.10"]
[SourceVersion "1"]
[SourceVersionDate "2018.02.10"]
[SourceQuality "1"]

1. e4 c6 2. d4 d5 3. f3 Qb6 4. Nc3 e6 5. a3 Nf6 6. e5 Nfd7 7. f4 c5 8. Be3 Nc6
9. Nf3 cxd4 10. Nxd4 Nxd4 11. Bxd4 Bc5 12. Nb5 O-O 13. b4 Bxd4 14. Qxd4 Qxd4
15. Nxd4 a5 16. b5 Nb6 17. a4 Bd7 18. g3 Rfc8 19. Kd2 Rc7 20. Ra3 Rac8 21. Bd3
Rc4 22. c3 Rxa4 23. Rxa4 Nxa4 24. Ra1 Nc5 25. Rxa5 Kf8 26. Ra7 Ke7 27. h4 h6
28. Bc2 Kd8 29. b6 Bc6 30. Bd3 Nd7 31. Bb5 Bxb5 32. Nxb5 Nc5 33. Nd6 Rb8 34.
Nxf7+ Kd7 35. Nd6 Kc6 36. Ra2 Kxb6 37. Ke3 Kc6 38. Rb2 Ra8 39. Nb5 Rb8 40. Nd4+
Kd7 41. Rb6 Kc7 42. Rd6 Re8 43. Nb5+ Kc8 44. Rb6 Re7 45. h5 Na4 46. Nd6+ Kb8
47. Rb3 Rc7 48. Kd4 Nc5 49. Rb4 Na6 50. Rb5 Ka7 51. g4 Nb8 52. Rb1 Nc6+ 53. Kd3
Ka6 54. Re1 b5 55. Ra1+ Kb6 56. Rb1 Na7 57. f5 Kc5 58. Ke3 Nc8 59. Nxc8 Rxc8
60. Kd3 Re8 61. Re1 Rf8 62. Rf1 exf5 63. gxf5 Rf7 64. f6 gxf6 65. Rxf6 Rg7 66.
Rg6 Rf7 67. e6 Rf3+ 68. Ke2 Rf4 69. Kd3 Kd6 70. Rxh6 b4 71. cxb4 Rxb4 72. Rg6
Rh4 1/2-1/2